| 000 | 01713nam a2200325Ia 4500 | ||
|---|---|---|---|
| 999 |
_c53038 _d53038 |
||
| 001 | 20074 | ||
| 003 | GE_BSU | ||
| 005 | 20250422170111.0 | ||
| 008 | 181216s2011||||ge |||||||||||||| ||geo|| | ||
| 020 | _a978-9941-0-3344-5 | ||
| 040 | _cGE_BSU | ||
| 041 | _ageo | ||
| 080 | _a821.161.1-31დ-77 | ||
| 100 |
_aდოსტოევსკი, ფიოდორ (1821-1881) _96090 |
||
| 245 |
_aძმები კარამაზოვები : _b[რომანი 2 ტომად]. [ტ.] 2 / _cფიოდორ დოსტოევსკი ; რუს. თარგმნა ვაჟა ახალაძემ ; [მთ. რედ. ნათია ნაცვლიშვილი, რედ. გიორგი ლობჟანიძე ; ნახატი ყდაზე გურამ ნავროზაშვილი] |
||
| 264 |
_aთბილისი : _bლაბირინთი, _c2011. |
||
| 300 |
_a610 გვ. ; _c 20 სმ. |
||
| 300 | _eშენიშვნები: გვ. 608-610. | ||
| 440 |
_x _924897 |
||
| 490 | _aკლასიკა, 1987-9709 | ||
| 500 | _aშენიშვნები : გვ. 608-610 | ||
| 541 | _h13 ლ. | ||
| 653 | _aრომანი | ||
| 653 | _aძმები კარამაზოვები | ||
| 700 |
_aახალაძე, ვაჟა _eმთარგმნელი _96091 |
||
| 700 |
_aნაცვლიშვილი, ნათია _eრედაქტორი _9890 |
||
| 700 |
_aლობჟანიძე, გიორგი _eრედაქტორი _96092 |
||
| 700 |
_aნარვოზაშვილი, გურამ _eმხატვარი _924898 |
||
| 942 |
_cBK _2udc |
||